000 01429nam a22002417a 4500
999 _c58583
_d58583
003 Ge_BSU
005 20220607113433.0
008 220607s2021 ge ||||| |||| 00| 0 geo d
020 _a9789941829659
041 _ageo
080 _a1(410)+165 ბ-51
100 _aბერკლი, ჯორჯ
_914001
245 _aტრაქტატი ადამიანური შემეცნების პრინციპების შესახებ = A Treatise Concerning thePrinciples Human Knowledge /
_cჯორჯ ბერკლი ; მთარგმნელი: დიმიტრი უჩანეიშვილი ; წინასიტყვაობა თომას ჯ. მაკქორმაქი.
264 _aთბილისი :
_b აქტი,
_c2021.
300 _a158 გვ. ;
_b 20 სმ.
653 _aინგლისელი ფილოსოფოსები.
653 _aინგლისური ფილოსოფია.
653 _aადამიანური შემეცნება.
700 _aუჩანეიშვილი, დიმიტრი
_eმთარგმნელი
_913895
700 _aმაკქორმაქი, თომას ჯ.
_eწინასიტყვაობის ავტორი
_914002
700 _aცაცუა, გიზო
_eგამომცემელი
_913970
942 _2udc
_cBK